000 00425nam a2200133Ia 4500
008 191111s9999 xx 000 0 und d
020 _a9781474271882
100 _aSakr, Mona.
245 _cMona Sakr.--
_aDigital technologies in early childhood art :
_benabling playful experiences /
260 _aUSA :
_bBloomsburry
_c2017
300 _aix, 198 pages.
650 _aArt and technology
650 _aEarly childhood education
999 _c362689
_d362689